000 00455nam a2200133Ia 4500
008 100328s9999 xx 000 0 und d
082 _b8831
100 _aभास
245 _aप्रतिज्ञा यौगंारायण
260 _bवोरा अॅन्ड कंपनी
630 _aप्रतिज्ञा यौगंारायण
730 _aप्रतिज्ञा यौगंारायण
942 _cBOOK
999 _c504569
_d504566